Úloha univerzít v príprave študentov na problematiku udržateľného rozvoja

Spôsoby a metódy integrácie problematiky udržateľného rozvoja do univerzitného prostredia - na univerzity so zameraním na humanitné a spoločenskovedné disciplíny. Integrovanie udržateľného rozvoja na slovenských univerzitách. Transformácia vysokoškolského vzdelávania.

Enregistré dans:
Détails bibliographiques
Auteur principal: Chomová, Katarína, 1983-
Format: Chapitre de livre
Langue:slovaque
Sujets:
Tags: Ajouter un tag
Pas de tags, Soyez le premier à ajouter un tag!

MARC

LEADER 00000naa a2200000 4500
001 0280616
005 20240502074345.3
041 0 |a slo 
044 |a SK 
245 1 0 |a Úloha univerzít v príprave študentov na problematiku udržateľného rozvoja  |c Katarína Chomová 
520 |a Spôsoby a metódy integrácie problematiky udržateľného rozvoja do univerzitného prostredia - na univerzity so zameraním na humanitné a spoločenskovedné disciplíny. Integrovanie udržateľného rozvoja na slovenských univerzitách. Transformácia vysokoškolského vzdelávania. 
610 2 0 |a univerzity 
610 2 0 |a vzdelávanie 
610 2 0 |a rozvoj trvalo udržateľný 
610 2 0 |a Slovensko 
100 1 |a Chomová, Katarína, 1983-